Statistics for Geography Series #6

Click here to take the quiz!

General Stats

  • This quiz has been taken 29 times
    (28 since last reset)
  • The average score is 5 of 14

Answer Stats

Unrecognized Countries by at least 1 Other Country% Correct
North Korea
76%
South Korea
68%
Taiwan
68%
Palestine
64%
Israel
60%
Somaliland
20%
Nagorno-Karabakh Republic
20%
Western Sahara
20%
Hong Kong
20%
Abkhazia
16%
South Ossetia
16%
Transnistria
12%
Northern Cyprus
12%
ISIS
4%

Score Distribution

Percentile by Number Answered

Percent of People with Each Score

Your Score History

You have not taken this quiz since the last reset